000 01657 a2200205 4500
001 53638
005 20260407155809.0
008 260407a1988 arg spa d
003 AR-UNSa-BCEJYS
040 _aAR-UNSa-BCEJYS
_bspa
_cAR-UNSa-BCEJYS
080 _a330.34
_xDesarrollo Económico
245 1 0 _aEl desarrollo económico del tercer mundo
020 _a84-206-8119-9
264 1 _aMadrid :
_bAlianza Editorial
_c1988
300 _a725 p.
_c23 cm.
505 _a1. Economía instituciones estudios sobre desarrollo:una perspectiva mundial - 2. Los países en vías de desarrollo:Características comunes y estructuras diversas - 3. El significado del desarrollo y sus diversas teorías - 4. Crecimiento histórico y desarrollo contemporáneo:lecciones y controversias - 5. Crecimiento pobreza y distribución de la renta - 6. El debate sobre población - 7. La economía de la población y el desarrollo - 8. Desempleo: resultados, dimensiones y análisis - 9. Urbanización y migración:nacional e internacional - 10. La transformación de la agricultura y el desarrollo rural - 11. Educación y desarrollo - 12. La teoría del comercio y la experiencia del desarrollo - 13. La balanza de pagos y las políticas comerciales - 14. Inversión y ayuda exterior: Viejas controversias y nuevas oportunidades - 15. La planificación del desarrollo:Teoría y práctica - 16. La política monetaria y la política fiscal:las funciones y limitaciones del estado - 17. Temas económicos mundiales en los años 80: energía, alimentos, deuda y orden internacional
942 _cBK
590 _aniveau_biblio:m niveau_hierar:0
100 1 _aTodaro, Michael P.
999 _c5243
_d5243